Fuel and fuel system microbiology-- fundamentals, diagnosis, and contamination control / (Record no. 342273)

000 -LEADER
fixed length control field 01055cam a22002414a 4500
001 - CONTROL NUMBER
control field 13107397
003 - CONTROL NUMBER IDENTIFIER
control field NUST
005 - DATE AND TIME OF LATEST TRANSACTION
control field 20171215101938.0
008 - FIXED-LENGTH DATA ELEMENTS--GENERAL INFORMATION
fixed length control field 030228s2003 paua b 001 0 eng
010 ## - LIBRARY OF CONGRESS CONTROL NUMBER
LC control number 2003045100
020 ## - INTERNATIONAL STANDARD BOOK NUMBER
International Standard Book Number 080313357X
040 ## - CATALOGING SOURCE
Original cataloging agency DLC
Transcribing agency DLC
Modifying agency DLC
042 ## - AUTHENTICATION CODE
Authentication code pcc
050 00 - LIBRARY OF CONGRESS CALL NUMBER
Classification number QR53.5.P48
Item number F84 2003
082 00 - DEWEY DECIMAL CLASSIFICATION NUMBER
Classification number 662.601576 FRE
Edition number 21
245 00 - TITLE STATEMENT
Title Fuel and fuel system microbiology-- fundamentals, diagnosis, and contamination control /
Statement of responsibility, etc. Frederick J. Passman, Editor.
260 ## - PUBLICATION, DISTRIBUTION, ETC.
Place of publication, distribution, etc. West Conshohocken, PA :
Name of publisher, distributor, etc. ASTM International,
Date of publication, distribution, etc. 2003.
300 ## - PHYSICAL DESCRIPTION
Extent x, 114 p. :
Other physical details ill. ;
Dimensions 28 cm.
500 ## - GENERAL NOTE
General note P.B
504 ## - BIBLIOGRAPHY, ETC. NOTE
Bibliography, etc. note Includes bibliographical references and index.
650 #0 - SUBJECT ADDED ENTRY--TOPICAL TERM
Topical term or geographic name entry element Fuels
General subdivision Microbiology.
9 (RLIN) 7324
700 1# - ADDED ENTRY--PERSONAL NAME
Personal name Passman, Frederick J.
9 (RLIN) 7325
906 ## - LOCAL DATA ELEMENT F, LDF (RLIN)
a 7
b cbc
c orignew
d 1
e ocip
f 20
g y-gencatlg
942 ## - ADDED ENTRY ELEMENTS (KOHA)
Source of classification or shelving scheme
Koha item type Book
Call number prefix IESE
Holdings
Withdrawn status Lost status Source of classification or shelving scheme Damaged status Not for loan Collection code Permanent Location Current Location Shelving location Date acquired Total Checkouts Full call number Barcode Date last seen Price effective from Koha item type
            Central Library (CL) Central Library (CL) General Stacks 12/15/2017   662.601576 FRE IESE-1167 12/15/2017 12/15/2017 Book
© 2023 Central Library, National University of Sciences and Technology. All Rights Reserved.